00841cam a22002531 4500001001300000003000400013005001700017008004100034010001700075035002000092040003700112042001200149050001500161051003000176100003000206245007700236260004400313300001700357490009000374500001900464500005700483650003000540999001700570e 19000166 DLC20260227111210.0960611s1919 dcu 000 0 eng c ae 19000166  a(OCoLC)34911999 aU.S. Bur. of EducationcMoUdDLC apremarc00aLA226b.U6 aQC100b.U58 1919cCopy 3.1 aAgnew, Paul Gough,d1881-10aAdvanced educational work within a government bureau.cBy P.G. Agnew ... a[Washington,bGovt. Print. Off.,c1919] a7 p.c23 cm.0 aUnited States. Bureau of Education. Higher education circularvno. 14, February, 1919 aCaption title. aAt head of title: ... Department of the interior ... 0aEducationzUnited States. c20291d20291